Treaty of Versailles - Statistics

General Stats
  • This quiz has been taken 342 times
  • The average score is 8 of 15
Answer Stats
Hint Answer % Correct
USA leader at the Treaty of Versailles Woodrow wilson
91%
British leader at the Treaty of Versailles Lloyd george
73%
French Leader at the Treaty of Versailles Georges clemenceau
70%
What is the name of the peacekeeping mechanism formed as a result of the Treaty of Versailles The League of Nations
69%
Who was arguably the harshest major power at the Paris Peace Conferences Clemenceau
66%
How many tanks was Germany allowed as a result of demilitarisation as stated by the Treaty 0
54%
What were the terms the leader of the US proposed to form the basis of the Treaty Fourteen points
50%
What German regime emerged at this time Weimar
50%
What was the name given to the four main leaders at the Paris Peace Conference The Big Four
49%
After the Treaty of Versailles, what foreign policy did the USA return to Isolationism
46%
What was the nickname for Article 231 given by the Germans War guilt clause
44%
How much in reparations was Germany made to pay when the figure was decided 6600
40%
What is the name of the alliance of the victorious powers Triple Entente
29%
What system came out of the Peace Conferences that put more incompetent nations under 'supervision' of larger nations Mandate
22%
Which famous economist was delegated to determine the amount of reparations to be paid Keynes
21%
No matching quizzes found
Score Distribution
Percent of People with Each Score
Percentile by Number Answered
Your Score History
You have not taken this quiz